MARC details
| 000 -CABECERA |
| campo de control de longitud fija |
01063nam a2200265 a 4500 |
| 001 - NÚMERO DE CONTROL |
| campo de control |
000046487 |
| 003 - IDENTIFICADOR DEL NÚMERO DE CONTROL |
| campo de control |
DO-SdBNP |
| 005 - FECHA Y HORA DE LA ÚLTIMA TRANSACCIÓN |
| campo de control |
20250422184250.0 |
| 008 - DATOS DE LONGITUD FIJA--INFORMACIÓN GENERAL |
| campo de control de longitud fija |
150819s2015 dr 000 0 spa d |
| 020 ## - NÚMERO INTERNACIONAL ESTÁNDAR DEL LIBRO |
| Número Internacional Estándar del Libro |
999349093 |
| 040 ## - FUENTE DE LA CATALOGACIÓN |
| Centro catalogador/agencia de origen |
DO-SdBNP |
| Lengua de catalogación |
spa |
| Centro/agencia transcriptor |
BNPHU |
| 082 ## - NÚMERO DE LA CLASIFICACIÓN DECIMAL DEWEY |
| Número de clasificación |
972.93054 |
| Número de documento/Ítem |
S471g |
| 111 2# - ENTRADA PRINCIPAL--NOMBRE DE CONGRESO/REUNIÓN |
| Nombre de congreso/reunión o jurisdicción como elemento de entrada |
Textos del seminario sobre la Revolución de Abril de 1965. |
| Fecha del congreso/reunión |
(22-24 de mayo del 2002 : |
| Sede del congreso/Lugar de la reunión |
Santo Domingo, República Dominicana ) |
| 9 (RLIN) |
74484 |
| 245 00 - MENCIÓN DE TÍTULO |
| Título |
Guerra de abril : |
| Resto del título |
inevitalidad de la historia / |
| Mención de responsabilidad, etc. |
compilador-editor Sócrates Suazo Ruiz ; prólogo Máximo W. Delgado. |
| 250 ## - MENCIÓN DE EDICIÓN |
| Mención de edición |
3a ed. |
| 260 ## - PUBLICACIÓN, DISTRIBUCIÓN, ETC. |
| Lugar de publicación, distribución, etc. |
Santo Domingo : |
| Nombre del editor, distribuidor, etc. |
Ministerio de Defensa ;, |
| Fecha de publicación, distribución, etc. |
2015. |
| 300 ## - DESCRIPCIÓN FÍSICA |
| Extensión |
409 p. : ; |
| Dimensiones |
24 cm. |
| 500 ## - NOTA GENERAL |
| Nota general |
Edición conmemorativa del 50 aniversario |
| 500 ## - NOTA GENERAL |
| Nota general |
Incluye índice onomástico |
| 504 ## - NOTA DE BIBLIOGRAFÍA, ETC. |
| Nota de bibliografía, etc. |
Bibliografías : p. 395-402 |
| 651 #4 - PUNTO DE ACCESO ADICIONAL DE MATERIA--NOMBRE GEOGRÁFICO |
| Nombre geográfico |
República Dominicana |
| Subdivisión general |
Historia |
| Subdivisión cronológica |
REVOLUCIÓN 1965 |
| Subdivisión general |
Congresos, Conferencias, Etc. |
| 9 (RLIN) |
6987 |
| 700 1# - PUNTO DE ACCESO ADICIONAL--NOMBRE DE PERSONA |
| Nombre de persona |
Suazo Ruiz, Sócrates, |
| Término indicativo de función/relación |
ed. |
| 9 (RLIN) |
10239 |
| 700 1# - PUNTO DE ACCESO ADICIONAL--NOMBRE DE PERSONA |
| Nombre de persona |
Delgado, Máximo W., |
| Término indicativo de función/relación |
pról. |
| 9 (RLIN) |
74485 |
| 942 ## - ELEMENTOS DE PUNTO DE ACCESO ADICIONAL (KOHA) |
| Fuente del sistema de clasificación o colocación |
Dewey Decimal Classification |
| Tipo de ítem Koha |
Libro |